Fusion Strategy :How Real Time Data and AI Will Power the Industrial Future (Record no. 43579)

MARC details
000 -LEADER
fixed length control field 02454cam a2200361 i 4500
001 - CONTROL NUMBER
control field 23348108
005 - DATE AND TIME OF LATEST TRANSACTION
control field 20250405103414.0
008 - FIXED-LENGTH DATA ELEMENTS--GENERAL INFORMATION
fixed length control field 231012s2024 maua 001 0 eng
010 ## - LIBRARY OF CONGRESS CONTROL NUMBER
LC control number 2023046078
020 ## - INTERNATIONAL STANDARD BOOK NUMBER
International Standard Book Number 9781647826253
020 ## - INTERNATIONAL STANDARD BOOK NUMBER
Canceled/invalid ISBN 9781647826260
041 ## - LANGUAGE CODE
Language code of text/sound track or separate title eng
042 ## - AUTHENTICATION CODE
Authentication code pcc
082 00 - DEWEY DECIMAL CLASSIFICATION NUMBER
Classification number 658.4038 GOV
100 1# - MAIN ENTRY--PERSONAL NAME
Author Govindarajan, Vijay,
245 10 - TITLE STATEMENT
Title Fusion Strategy :How Real Time Data and AI Will Power the Industrial Future
260 ## - PUBLICATION, DISTRIBUTION, ETC.
Place Bosten
Publisher Harvard Business Review Press
Publication Year 2024
300 ## - PHYSICAL DESCRIPTION
Extent vi, 214 pages :25 cm
Other physical details illustrations ;
500 ## - GENERAL NOTE
Keywords Includes index.
520 ## - SUMMARY, ETC.
Summary, etc. "Tech giants like Facebook, Amazon, and Google can collect real-time data from billions of users. For companies that design and manufacture physical products, that type of fluid, data-rich information used to be a pipe dream. Now, with the rise of cheap and powerful sensors, computing power, and artificial intelligence, things are changing-fast. In Fusion Strategy, world-renowned innovation guru Vijay Govindarajan and digital strategy expert Venkat Venkataraman offer a first-of-a-kind playbook that will help companies combine what they do best-create physical products-with what digitals do best-use algorithms and artificial intelligence to parse ginormous, interconnected datasets-to make strategic connections that would otherwise be impossible. The laws of competitive advantage are changing, rewarding those who have the most robust real-time insights rather than the most valuable assets. To compete in the new digital age, companies need to use real-time data to turbocharge their products, strategies, and customer relationships. Or else they'll fall on the wrong side of the next great digital divide. Fusion Strategy is the way forward"--
650 #0 - SUBJECT ADDED ENTRY--TOPICAL TERM
Subject Information technology
650 #0 - SUBJECT ADDED ENTRY--TOPICAL TERM
Subject Big data Management
650 #0 - SUBJECT ADDED ENTRY--TOPICAL TERM
Subject Artificial intelligence.
700 1# - ADDED ENTRY--PERSONAL NAME
Co-Author Venkatraman, Venkat,
942 ## - ADDED ENTRY ELEMENTS (KOHA)
Koha item type Books
264 #1 - PRODUCTION, PUBLICATION, DISTRIBUTION, MANUFACTURE, AND COPYRIGHT NOTICE
Place of production, publication, distribution, manufacture Boston, Massachusetts :
Name of producer, publisher, distributor, manufacturer Harvard Business Review Press,
Date of production, publication, distribution, manufacture, or copyright notice [2024]
336 ## - CONTENT TYPE
Content type term text
Content type code txt
Source rdacontent
337 ## - MEDIA TYPE
Media type term unmediated
Media type code n
Source rdamedia
338 ## - CARRIER TYPE
Carrier type term volume
Carrier type code nc
Source rdacarrier
776 08 - ADDITIONAL PHYSICAL FORM ENTRY
Relationship information Online version:
Main entry heading Govindarajan, Vijay.
Title Fusion strategy
Place, publisher, and date of publication Boston, Massachusetts : Harvard Business Review Press, [2024]
International Standard Book Number 9781647826260
Record control number (DLC) 2023046079
906 ## - LOCAL DATA ELEMENT F, LDF (RLIN)
a 7
b cbc
c orignew
d 1
e ecip
f 20
g y-gencatlg
Holdings
Withdrawn status Lost status Source of classification or shelving scheme Damaged status Not for loan Home library Current library Shelving location Accession Date Vendor Price Bill number Total Checkouts Total Renewals Full call number Barcode No Date last seen Date last checked out Discount Bill Date Koha item type Suggested By
    Dewey Decimal Classification     IMTN IMTN Rack 29-A 03/28/2025 Raghav Books Private Limited 1199.00 2374 2 2 658.4038 GOV 33899 01/16/2026 01/15/2026 30 02/14/2025 Books Gargi Sajwan (2024413)
Designed & Maintained by: LRC IMT Nagpur Contact: lrc@imtnag.ac.in© 2024. All Rights Reserved.